[Event "Nezhmetdinov Memorial 40th"]
[Site "Kazan"]
[Date "2018.09.15"]
[Round "3"]
[White "Maltsev, Vladimir"]
[Black "Markelova, Lubov"]
[Result "0-1"]
[WhiteElo "2222"]
[BlackElo "2169"]
[PlyCount "112"]
[EventDate "2018.09.13"]
[EventType "swiss"]
[EventRounds "9"]
[EventCountry "RUS"]
[SourceTitle "CBM 186 Extra"]
[Source "ChessBase"]
[SourceDate "2018.08.24"]
[SourceVersion "1"]
[SourceVersionDate "2018.08.24"]
[SourceQuality "1"]

1. d4 d5 2. c4 e6 3. Nc3 Nf6 4. Bg5 Be7 5. e3 0-0 6. Nf3 h6 7. Bh4 Ne4 8. Bxe7 Qxe7 9. Qc2 Nxc3 10. Qxc3 dxc4 11. Bxc4 b6 12. 0-0 Bb7 13. Be2 Rc8 14. b4 Nd7 15. Rfc1 Nf6 16. Rab1 Be4 17. Rb2 Nd5 18. Qb3 a5 19. b5 a4 20. Qc4 Qa3 21. Rd2 Ra5 22. Rdd1 Nb4 23. Rd2 Bd5 24. Rc3 Bxc4 25. Rxa3 Bxb5 26. Bxb5 Rxb5 27. g3 Ra5 28. Rb2 Nd5 29. e4 Ne7 30. Rb4 b5 31. Rc3 f6 32. Rc5 c6 33. Ne1 Rd8 34. f3 Ra6 35. Kf2 Kf7 36. a3 g5 37. h3 Ra7 38. Ke3 Rad7 39. Nc2 Rd6 40. Rc3 Ng6 41. Ne1 Nf8 42. e5 fxe5 43. dxe5 Rd1 44. Nd3 Nd7 45. Ke2 Ra1 46. Rxc6 Ra2+ 47. Rb2 Rxb2+ 48. Nxb2 Nxe5 49. Rc7+ Kf6 50. Nd1 Nc4 51. Rb7 Rd2+ 52. Ke1 Rd3 53. Ke2 Rb3 54. Nf2 Nxa3 55. Ng4+ Kg6 56. Ne5+ Kf5 0-1